| Поле | Инд. | ПП | Название | Значение |
|---|---|---|---|---|
| Тип записи | m | |||
| Библиографический уровень | m | |||
| 001 | Контрольный номер | c318e38f9dd844ff9d1cc8f2063487cd | ||
| 005 | Дата корректировки | 20230206114128.8 | ||
| 008 | Кодируемые данные | 210317|||||||||ru |||||||||||||||||rus|| | ||
| 020 | a | ISBN | 978-5-86185-995-0 | |
| 040 | a | Служба первич. каталог. | DE | |
| b | Код языка каталог. | rus | ||
| e | Правила каталог. | PSBO | ||
| 084 | a | Индекс другой классификации/Индекс ББК | 65.049(2Рос)я7+65.9(2Рос-4Мур) | |
| 100 | 1_ | a | Автор | Агарков С. А. |
| 203 | a | Вид содержания | Текст | |
| c | Тип средства | электронный | ||
| 245 | 10 | a | Заглавие | Управление социально-экономическими системами |
| b | Продолж. заглавия | учебное пособие по дисциплине "Управление социально-экономическими системами" для обучающихся по направлениям подготовки 35.04.08 "Промышленное рыболовство", 26.04.01 "Управление водным транспортом и гидрографическое обеспечение судоходства" | ||
| c | Ответственность | Министерство науки и высшего образования Российской Федерации, Федеральное государственное автономное образовательное учреждение высшего образования "Мурманский государственный технический университет" | ||
| h | Физич. носитель | Электронный ресурс | ||
| 256 | a | Характеристики компьютерного файла | Электрон. текстовые дан. (1 файл : 6,88 Мб) | |
| 260 | a | Место издания | Мурманск | |
| b | Издательство | МГТУ | ||
| c | Дата издания | 2020 | ||
| 300 | a | Объем | 210 с. | |
| b | Иллюстрации/ тип воспроизводства | диагр., карт., табл. | ||
| 500 | a | Примечание | Доступ из локальной сети Мурман. гос. техн. ун-та. - Имеется печ. аналог 2020 г. | |
| 520 | 0_ | a | Аннотация | Рассмотрены теоретические и практические аспекты управления социально-экономическими системами разного уровня. Содержание пособия нацелено на получение знаний и практических компетенций, позволяющих принимать управленческие решения в реальной ситуации. Подробно раскрываются теоретические вопросы системообразования, концептуальные подходы к устойчивому развитию пространственных социальноэкономических систем, методологические принципы управления развитием социально-экономических систем. Особое внимание уделено вопросам государственного управления (стратегирования) долгосрочного развития, стратегического целевого ориентирования социо-эколого-экономических систем в условиях нестабильной внешней среды. Изложение теоретического материала сопровождается примерами практической хозяйственной деятельности в регионе на примере рыбохозяйственного комплекса. Предназначено для магистрантов по направлению подготовки "Промышленное рыболовство", также для студентов и аспирантов, обучающихся по широкому спектру специальностей и направлений подготовки инженерно-технического и экономического профиля для формирования научных представлений и компетенций в области экономики и управления. Рекомендуется руководителям и специалистам, занимающимся стратегическим планированием и управлением |
| 521 | 0_ | a | Примеч. о целев. назн. | URL: https://elib.mauniver.ru/2020/U_20_13.pdf |
| a | Примеч. о целев. назн. | Доступ из локальной сети Мурманского государственного технического университета. - Загл. с титул. экрана | ||
| 583 | x | Служебное примечание | Промышленное рыболовство. ВПО | |
| x | Служебное примечание | Управление водным транспортом и гидрографическое обеспечение судоходства. ВПО | ||
| z | Открытое примечание | 35.04.08 | ||
| z | Открытое примечание | 26.04.01 | ||
| 650 | 04 | a | Основная рубрика | Региональная экономика России-Учебные издания для высших учебных заведений |
| 651 | _4 | a | Географическое наименование | Мурманская область |
| 653 | 0_ | a | Ключевые слова | Региональная экономика |
| a | Ключевые слова | Краеведение | ||
| a | Ключевые слова | Управление развитием регионов | ||
| a | Ключевые слова | Социально-экономические системы | ||
| a | Ключевые слова | Стратегическое планирование | ||
| a | Ключевые слова | Труды преподавателей МГТУ | ||
| a | Ключевые слова | Управление экономикой | ||
| a | Ключевые слова | Управление экономикой Севера | ||
| a | Ключевые слова | Управленческие решения | ||
| a | Ключевые слова | Экономика Мурманской области | ||
| a | Ключевые слова | Электронные версии | ||
| 700 | 12 | a | Другие авторы | Мотина Т. Н. |
| 856 | 40 | u | URL | https://elib.mauniver.ru/2020/U_20_13.pdf |
| 900 | a | Имя макрообъекта | Региональные экономические системы | |
| 901 | t | Тип документа | m | |
| 952 | b | Гриф литературы для ВШ | Допущено Ученым советом МГТУ | |
| c | Вид литературы | учебное пособие |